Execuȯ̂ no Processo do Trabalho

Detalles Bibliográficos
Autor principal: Schiavi, Mauro
Formato: eBook
Publicado: Sao Paulo: Ltr Editora, 2016
Edición:8® ediȯ̂
Materias:
Acceso en línea:Acceso restringido

MARC

LEADER 00000nam a22000007a 4500
005 20160929144554.0
007 cr|||| ||u|
008 160929s2016 Bl |||||o|||| 001 0 Por d
020 |a 978-85-361-8779-2 
035 |a 14369 
040 |a vLex 
090 |c 6247  |d 6247 
100 1 |a Schiavi, Mauro 
245 1 |a Execuȯ̂ no Processo do Trabalho  |h [Recurso electrn̤ico] /  |c Mauro Schiavi. 
250 |a 8® ediȯ̂  
256 |a Servicio en ln̕ea 
260 |a Sao Paulo:  |b Ltr Editora,  |c 2016 
300 |a 1 Recurso electrn̤ico 
506 1 |a vLex Global  |d vLex Global (Academic Edition, excluding Law Schools)  |d vLex Global (U.S. Academic Edition, Law Schools)  |d vLex Global (U.S. Academic Edition, excluding Law Schools)  |d vLex Global (Academic Edition, Law Schools) 
650 0 4 |a Derecho laboral  |z Brasil 
650 0 4 |a Seguridad social  |z Brasil 
650 0 4 |a Procedimiento laboral  |z Brasil 
740 0 |a vLex libros (servicios en ln̕ea) 
856 4 0 |z Acceso restringido  |u http://vlex.com/source/execu-o-processo-trabalho-14369 
942 |c BOOK 
999 0 |a Labors laws and legislation 
999 0 |a Social security